Tiêu chuẩn vật liệu xây dựng

সংরক্ষণ করুন:
গ্রন্থ-পঞ্জীর বিবরন
সংস্থা লেখক: Tiêu chuẩn Việt Nam
বিন্যাস: গ্রন্থ
ভাষা:Undetermined
প্রকাশিত: Hà Nội Xây dựng 2003
বিষয়গুলি:
ট্যাগগুলো: ট্যাগ যুক্ত করুন
কোনো ট্যাগ নেই, প্রথমজন হিসাবে ট্যাগ করুন!
Thư viện lưu trữ: Trung tâm Học liệu Trường Đại học Cần Thơ
LEADER 00548nam a2200193Ia 4500
001 CTU_75043
008 210402s9999 xx 000 0 und d
020 |b 40000 
082 |a 624.180218 
082 |b T309 
110 |a Tiêu chuẩn Việt Nam 
245 0 |a Tiêu chuẩn vật liệu xây dựng 
245 0 |c Tiêu chuẩn Việt Nam 
260 |a Hà Nội 
260 |b Xây dựng 
260 |c 2003 
650 |a building materials 
904 |i Truc 
980 |a Trung tâm Học liệu Trường Đại học Cần Thơ